<?xml version="1.0" encoding="UTF-8"?><marc:collection xmlns:marc="http://www.loc.gov/MARC21/slim">
  <marc:record>
    <marc:leader>00000nam##2200000za#4500</marc:leader>
    <marc:controlfield tag="001">9.639359</marc:controlfield>
    <marc:controlfield tag="003">CaOODSP</marc:controlfield>
    <marc:controlfield tag="005">20240209132624</marc:controlfield>
    <marc:controlfield tag="007">cr |||||||||||</marc:controlfield>
    <marc:controlfield tag="008">150407|1995||||xxc|||||o    f|0| 0 fre|d</marc:controlfield>
    <marc:datafield tag="040" ind1=" " ind2=" ">
      <marc:subfield code="a">CaOODSP</marc:subfield>
      <marc:subfield code="b">fre</marc:subfield>
    </marc:datafield>
    <marc:datafield tag="043" ind1=" " ind2=" ">
      <marc:subfield code="a">n-cn---</marc:subfield>
    </marc:datafield>
    <marc:datafield tag="086" ind1="1" ind2=" ">
      <marc:subfield code="a">C89-4/25-1995F-PDF</marc:subfield>
    </marc:datafield>
    <marc:datafield tag="110" ind1="2" ind2=" ">
      <marc:subfield code="a">Agence de promotion économique du Canada atlantique.</marc:subfield>
    </marc:datafield>
    <marc:datafield tag="245" ind1="1" ind2="0">
      <marc:subfield code="a">Créer une entreprise : </marc:subfield>
      <marc:subfield code="h">[ressource électronique]</marc:subfield>
      <marc:subfield code="b">passez de l'idée à l'action </marc:subfield>
    </marc:datafield>
    <marc:datafield tag="260" ind1=" " ind2=" ">
      <marc:subfield code="a">Moncton - Nouveau-Brunswick : </marc:subfield>
      <marc:subfield code="b">Agence de promotion économique du Canada atlantique </marc:subfield>
      <marc:subfield code="c">[1995].</marc:subfield>
    </marc:datafield>
    <marc:datafield tag="300" ind1=" " ind2=" ">
      <marc:subfield code="a">123p.</marc:subfield>
    </marc:datafield>
    <marc:datafield tag="500" ind1=" " ind2=" ">
      <marc:subfield code="a">«[...]s'adresse aux propriétaires et aux gestionnaires d'entreprise qui veulent prendre de l'expansion, changer d'orientation ou lancer de nouvelles entreprises, aux étudiants qui veulent lancer une entreprise et créer leur propre emploi, aux chômeurs et aux personnes dont les emploi sont en deçà de leurs compétences et qui veulent créer leur propre emploi, aux femmes qui veulent devenir propriétaires d'une entreprise, à quiconque veut réaliser son rêve et récolter les fruits de sa propre entreprise, aux personnes qui veulent transformer un loisir en une entreprise durable.»--Page 1.</marc:subfield>
    </marc:datafield>
    <marc:datafield tag="500" ind1=" " ind2=" ">
      <marc:subfield code="a">Les n° de catalogue (C89-4/25-1995E et C89-4/25-1995F) et les ISBN (0-662-23581-9 et 0-662-80397-3) de l'édition imprimée ont été incorrectement copiés dans l'édition électronique.</marc:subfield>
    </marc:datafield>
    <marc:datafield tag="504" ind1=" " ind2=" ">
      <marc:subfield code="a">Bibliographie.</marc:subfield>
    </marc:datafield>
    <marc:datafield tag="520" ind1="3" ind2=" ">
      <marc:subfield code="a">[...]s'adresse aux propriétaires et aux gestionnaires d'entreprise qui veulent prendre de l'expansion, changer d'orientation ou lancer de nouvelles entreprises, aux étudiants qui veulent lancer une entreprise et créer leur propre emploi, aux chômeurs et aux personnes dont les emploi sont en deçà de leurs compétences et qui veulent créer leur propre emploi, aux femmes qui veulent devenir propriétaires d'une entreprise, à quiconque veut réaliser son rêve et récolter les fruits de sa propre entreprise, aux personnes qui veulent transformer un loisir en une entreprise durable.--Page 1</marc:subfield>
    </marc:datafield>
    <marc:datafield tag="590" ind1=" " ind2=" ">
      <marc:subfield code="a">11-29-Supp</marc:subfield>
      <marc:subfield code="b">2011-11-25</marc:subfield>
    </marc:datafield>
    <marc:datafield tag="691" ind1="0" ind2="7">
      <marc:subfield code="a">Entrepreneuriat</marc:subfield>
      <marc:subfield code="2">gcpds</marc:subfield>
    </marc:datafield>
    <marc:datafield tag="691" ind1="0" ind2="7">
      <marc:subfield code="a">Entreprise</marc:subfield>
      <marc:subfield code="2">gcpds</marc:subfield>
    </marc:datafield>
    <marc:datafield tag="775" ind1="0" ind2="8">
      <marc:subfield code="t">From ideas to business opportunities </marc:subfield>
      <marc:subfield code="w">(CaOODSP)9.695213</marc:subfield>
    </marc:datafield>
    <marc:datafield tag="776" ind1="0" ind2="#">
      <marc:subfield code="t">Créer une entreprise : </marc:subfield>
      <marc:subfield code="w">(CaOODSP)9.679558</marc:subfield>
    </marc:datafield>
    <marc:datafield tag="856" ind1="4" ind2="0">
      <marc:subfield code="a">http://publications.gc.ca</marc:subfield>
      <marc:subfield code="q">PDF</marc:subfield>
      <marc:subfield code="s">389 Ko</marc:subfield>
      <marc:subfield code="u">https://publications.gc.ca/collections/Collection/C89-4-25-1995F.pdf</marc:subfield>
    </marc:datafield>
  </marc:record>
</marc:collection>
